Internetes technológiák szerepe a gazdaságban

Bibliográfiai részletek
Szerző: Katona Ádám Róbert
További közreműködők: Katz György
Dokumentumtípus: Projektmunka
Kulcsszavak:hatások
HR
IT
marketing
technológia
Online Access:http://dolgozattar.uni-bge.hu/38659

MARC

LEADER 00000nnm a2200000 i 4500
001 dolg38659
005 20220308090845.0
008 220308suuuu hu o 000 hun d
040 |a BGE Dolgozattár Repozitórium  |b hun 
041 |a hu 
100 1 |a Katona Ádám Róbert 
245 1 0 |a Internetes technológiák szerepe a gazdaságban  |c Katona Ádám Róbert  |h [elektronikus dokumentum] 
516 |a Project_work 
520 3 |a Elkészítettem záródolgozatomat, melynek motivációja volt, hogy az IT és más gazdasági ágak kapcsolatát, az oktatás fontosságát, és ehhez kapcsolódó szokásokat vizsgáljak. Szerintem egy karakteres eredményre jutottam, melybe belefoglaltam mindent, amin keresztül mentem, és azokat a topikokat, melyeket érintettem a munka során. Sikerült a konzulemsemmel azt hiszem egyetértenem azokban az álláspontokban, melyeket hoztam, és köszönöm szíves segítségét, tanácsait. Megtaláltam a válaszokat a feltett kérdéskre, és sikerült nem egy témában új ismeretekre szert tennem. 
695 |a hatások 
695 |a HR 
695 |a IT 
695 |a marketing 
695 |a technológia 
700 1 |a Katz György  |e ths 
856 4 0 |u http://dolgozattar.uni-bge.hu/38659/1/Katona%20%C3%81d%C3%A1m%20Z%C3%A1r%C3%B3dolgozat%20Signed.pdf  |z Dokumentum-elérés